Conejo (Record no. 41262)
[ view plain ]
| 000 -LEADER | |
|---|---|
| fixed length control field | 00823nam a22002177a 4500 |
| 005 - DATE AND TIME OF LATEST TRANSACTION | |
| control field | 20230622133736.0 |
| 008 - FIXED-LENGTH DATA ELEMENTS--GENERAL INFORMATION | |
| fixed length control field | 131002t mx ||||| |||| 00| 0 spa d |
| 020 ## - INTERNATIONAL STANDARD BOOK NUMBER | |
| International Standard Book Number | 9786077852087 |
| 050 04 - LIBRARY OF CONGRESS CALL NUMBER | |
| Classification number | SF454.2 |
| Item number | C78 2010 |
| 100 1# - MAIN ENTRY--PERSONAL NAME | |
| Personal name | Cruz Hernández, Ángel Raúl, |
| Relator term | autor |
| 245 10 - TITLE STATEMENT | |
| Title | Conejo |
| Remainder of title | : manual de producción comercial : como hacer un negocio productivo y rentable |
| Statement of responsibility, etc | / Ángel Raúl Cruz Hernández, Laura Melissa Huerta Martínez, Verónica Lugo Ramírez |
| 250 ## - EDITION STATEMENT | |
| Edition statement | 1a ed. |
| 260 ## - PUBLICATION, DISTRIBUTION, ETC. (IMPRINT) | |
| Place of publication, distribution, etc | Morelia, Michoacán, México : |
| Name of publisher, distributor, etc | Papiro Omega, |
| Date of publication, distribution, etc | 2010 |
| 300 ## - PHYSICAL DESCRIPTION | |
| Extent | 210 p. : |
| Other physical details | il. ; |
| Dimensions | 23 cm. |
| 500 ## - GENERAL NOTE | |
| General note | Incluye bibliografía |
| 650 #7 - SUBJECT ADDED ENTRY--TOPICAL TERM | |
| Source of heading or term | Lemb |
| Topical term or geographic name as entry element | Conejos |
| General subdivision | Producción |
| 650 #4 - SUBJECT ADDED ENTRY--TOPICAL TERM | |
| Topical term or geographic name as entry element | Conejos |
| General subdivision | Crianza |
| 700 1# - ADDED ENTRY--PERSONAL NAME | |
| Personal name | Huerta Martínez, Laura Melissa |
| Relator term | autor |
| 700 1# - ADDED ENTRY--PERSONAL NAME | |
| Personal name | Lugo Ramírez, Verónica |
| Relator term | autor |
| 942 ## - ADDED ENTRY ELEMENTS (KOHA) | |
| Source of classification or shelving scheme | Biblioteca del Cogreso de los Estados Unidos |
| Koha item type | Libro |
| Estado de pérdida | Fuente de clasificación | Estado del daño | No para préstamo | Ubicación permanente | Ubicación actual | Apartado o colección | Fecha de adquisición | Fuente de adquisición | Área del conocimiento | Total Checkouts | Clasificación | Código de Barras | Date last seen | Date checked out | Número de copia | Tipo de recurso | Edición | Costo por reposición |
|---|---|---|---|---|---|---|---|---|---|---|---|---|---|---|---|---|---|---|
| Biblioteca del Cogreso de los Estados Unidos | Biblioteca de la Facultad de Medicina Veterinaria y Zootecnia | Biblioteca de la Facultad de Medicina Veterinaria y Zootecnia | General | 02/10/2013 | 2 | SF454.2 C78 2010 | MVZ000000714 | 09/06/2023 | 09/06/2023 | 1 | Libro | |||||||
| Biblioteca del Cogreso de los Estados Unidos | Biblioteca de la Facultad de Medicina Veterinaria y Zootecnia | Biblioteca de la Facultad de Medicina Veterinaria y Zootecnia | General | 26/09/2018 | Donación | Ciencias Agropecuarias | SF454.2 C78 2010 | MVZ000005346 | 26/09/2018 | C : 2 | Libro | 1a. | ||||||
| Biblioteca del Cogreso de los Estados Unidos | Biblioteca de la Facultad de Medicina Veterinaria y Zootecnia | Biblioteca de la Facultad de Medicina Veterinaria y Zootecnia | General | 26/09/2018 | Donación | Ciencias Agropecuarias | 3 | SF454.2 C78 2010 | MVZ000005347 | 14/10/2024 | 11/10/2024 | C : 3 | Libro | 1a. | ||||
| Biblioteca del Cogreso de los Estados Unidos | Biblioteca de la Facultad de Medicina Veterinaria y Zootecnia | Biblioteca de la Facultad de Medicina Veterinaria y Zootecnia | General | 26/09/2018 | Donación | Ciencias Agropecuarias | 1 | SF454.2 C78 2010 | MVZ000005348 | 29/11/2023 | 28/11/2023 | C : 4 | Libro | 1a. | ||||
| Biblioteca del Cogreso de los Estados Unidos | Biblioteca de la Facultad de Medicina Veterinaria y Zootecnia | Biblioteca de la Facultad de Medicina Veterinaria y Zootecnia | General | 26/09/2018 | Donación | Ciencias Agropecuarias | SF454.2 C78 2010 | MVZ000005349 | 26/09/2018 | C : 5 | Libro | 1a. | ||||||
| Biblioteca del Cogreso de los Estados Unidos | Biblioteca de la Unidad de Ciencias Ingeniería y Humanidades | Biblioteca de la Unidad de Ciencias Ingeniería y Humanidades | General | 05/07/2016 | Donación | Ciencias Agropecuarias | SF454.2 C78 2010 | BCU000015038 | 05/07/2016 | 1 | Libro | 1a ed. | 1.00 |